000 00369cam a2200145ua 4500
041 _aeng
_h
082 _a822
_bEWA/WI
100 _aEwald, Alexander charles .
245 _aWilliam congreve /
_cAlexander charles ewald.
_hTextual Documents
260 _aLondon :
_bEarnest Benn Ltd ,
_c1961.
300 _a437 ; .
504 _a
942 _cBK
999 _c5362
_d5362